00481nam a2200145Ia 4500008004100000041000800041082001700049100001700066245003200083260004100115300003100156365001100187999001500198952012200213240624s9999 xx 000 0 und d aeng a658.4013 BHO aBHOTE KEKI R aPOWER OF ULTIMATE SIX SIGMA c2007aMumbaibJaico Publishing House axvi, : 351 : p. : cm. ; 23 cRSb30 c8265d8265 00104070aIMTNbIMTNcRack 27-Bd2008-01-23ePBg375.00o658.4013 BHOp8265r2024-06-24 00:00:00t1w2024-06-24yBK